Orthogonal Frequency Division Multiplexing for Wireless Communications (Record no. 8166)

000 -LEADER
fixed length control field 01078 a2200289 4500
020 ## - INTERNATIONAL STANDARD BOOK NUMBER
International Standard Book Number 978-0-387-30235-5
040 ## - CATALOGING SOURCE
Original cataloging agency DLC
Language of cataloging DLC
100 1# - MAIN ENTRY--PERSONAL NAME
Personal name Li, Ye.
245 10 - TITLE STATEMENT
Title Orthogonal Frequency Division Multiplexing for Wireless Communications
Statement of responsibility, etc. edited by Ye Li, Gordon L.
260 ## - PUBLICATION, DISTRIBUTION, ETC.
Place of publication, distribution, etc. Boston, MA :
Name of publisher, distributor, etc. Springer Science+Business Media, Inc.,
Date of publication, distribution, etc. 2006.
300 ## - PHYSICAL DESCRIPTION
Other physical details v.: digital
440 #0 - SERIES STATEMENT/ADDED ENTRY--TITLE
Title Signals and Communication Technology
650 #0 - SUBJECT ADDED ENTRY--TOPICAL TERM
Topical term or geographic name entry element Computer engineering
650 #0 - SUBJECT ADDED ENTRY--TOPICAL TERM
Topical term or geographic name entry element Engineering
650 #0 - SUBJECT ADDED ENTRY--TOPICAL TERM
Topical term or geographic name entry element Microwaves
650 #0 - SUBJECT ADDED ENTRY--TOPICAL TERM
Topical term or geographic name entry element Telecommunication
650 #0 - SUBJECT ADDED ENTRY--TOPICAL TERM
Topical term or geographic name entry element Engineering
650 #0 - SUBJECT ADDED ENTRY--TOPICAL TERM
Topical term or geographic name entry element Communications Engineering, Networks
650 #0 - SUBJECT ADDED ENTRY--TOPICAL TERM
Topical term or geographic name entry element Electronic and Computer Engineering
650 #0 - SUBJECT ADDED ENTRY--TOPICAL TERM
Topical term or geographic name entry element Microwaves, RF and Optical Engineering
650 #0 - SUBJECT ADDED ENTRY--TOPICAL TERM
Topical term or geographic name entry element Signal, Image and Speech Processing
700 1# - ADDED ENTRY--PERSONAL NAME
Personal name St�ber, Gordon L.
710 2# - ADDED ENTRY--CORPORATE NAME
Corporate name or jurisdiction name as entry element SpringerLink (Online service)
856 40 - ELECTRONIC LOCATION AND ACCESS
Uniform Resource Identifier <a href="http://www.lub.lu.se/cgi-bin/ipchk/http://dx.doi.org/10.1007/0-387-30235-2">http://www.lub.lu.se/cgi-bin/ipchk/http://dx.doi.org/10.1007/0-387-30235-2</a>
856 40 - ELECTRONIC LOCATION AND ACCESS
Uniform Resource Identifier <a href="http://ezproxy.its.uu.se/login?url=http://dx.doi.org/10.1007/0-387-30235-2">http://ezproxy.its.uu.se/login?url=http://dx.doi.org/10.1007/0-387-30235-2</a>
942 ## - ADDED ENTRY ELEMENTS (KOHA)
Koha item type Book
Call number prefix 621.382 LIY
Source of classification or shelving scheme
Holdings
Withdrawn status Lost status Damaged status Not for loan Collection code Permanent Location Current Location Shelving location Date acquired Source of acquisition Cost, normal purchase price Total Checkouts Full call number Barcode Date last seen Date last checked out Price effective from Koha item type
          Central Library (CL) Central Library (CL) General Stacks 05/14/2007 Allied Book Company 6439.25 1 621.382 LIY SEECS008489 03/22/2015 09/22/2014 01/05/2017 Book
© 2023 Central Library, National University of Sciences and Technology. All Rights Reserved.